01017cam a22003131 4500001001300000003000400013005001700017008004100034010001700075035002000092040001700112041001300129042001200142043001200154050001600166100004400182240003700226245007100263260006500334300002600399490005900425500003400484504004100518650004400559700002000603740003400623830002900657999001700686sa 68020947 DLC20260227112728.0850819s1968 ii b 000 0 tib  asa 68020947  a(OCoLC)16113230 aDLCcPUdDLC0 atibbeng apremarc aa-cc---00aR127.5b.G90 aGʹyu-thog Yon-tan-mgon-po,d1126-1202.10aSman gźuṅ cha lag bco brgyad10aYuthok's Treatise on Tibetan medicine /cedited by Lokesh Chandra. aNew Delhi :bInternational Academy of Indian Culture,c1968. a[4], 538 p. ;c29 cm.1 aŚata-piṭaka series: Indo-Asian literatures;vv. 72 aIn Tibetan; pref. in English. aIncludes bibliographical references. 0aMedicine, TibetanvEarly works to 1800.0 aLokesh Chandra.0 aTreatise on Tibetan medicine. 0aŚatapiṭaka ;vv. 72. c89631d89631